La psicología, los procesos comunitarios y la interdisciplinariedad / (Registro nro. 3391)
[ vista simple ]
| 000 -LEADER | |
|---|---|
| fixed length control field | 01382nam a2200289Ia 4500 |
| 003 - CONTROL NUMBER IDENTIFIER | |
| control field | OSt |
| 005 - DATE AND TIME OF LATEST TRANSACTION | |
| control field | 20200306173256.0 |
| 008 - FIXED-LENGTH DATA ELEMENTS--GENERAL INFORMATION | |
| fixed length control field | 191128s1996 ck fr 000 0 spa d |
| 020 ## - INTERNATIONAL STANDARD BOOK NUMBER | |
| International Standard Book Number | 9589581013 |
| 040 ## - CATALOGING SOURCE | |
| Original cataloging agency | CO-JMCR |
| Transcribing agency | CO-JMCR |
| 041 0# - LANGUAGE CODE | |
| Language code of text/sound track or separate title | spa |
| 082 04 - DEWEY DECIMAL CLASSIFICATION NUMBER | |
| Classification number | 150.8 |
| Edition number | C355p |
| 100 1# - MAIN ENTRY--PERSONAL NAME | |
| Personal name | Castro, María Clemencia, |
| Relator term | autora |
| 9 (RLIN) | 1285 |
| 245 13 - TITLE STATEMENT | |
| Title | La psicología, los procesos comunitarios y la interdisciplinariedad / |
| Statement of responsibility, etc. | María Clemencia Castro |
| 250 ## - EDITION STATEMENT | |
| Edition statement | Segunda edición |
| 260 ## - PUBLICATION, DISTRIBUTION, ETC. | |
| Place of publication, distribution, etc. | Bogotá : |
| Name of publisher, distributor, etc. | Almudena Editores, |
| Date of publication, distribution, etc. | 1996 |
| 300 ## - PHYSICAL DESCRIPTION | |
| Extent | [73] páginas ; |
| Dimensions | 21 cm. |
| 500 ## - GENERAL NOTE | |
| General note | Incluye datos de la autora en la solapa. |
| 500 ## - GENERAL NOTE | |
| General note | Incluye notas a pie de página. |
| 504 ## - BIBLIOGRAPHY, ETC. NOTE | |
| Bibliography, etc. note | Bibliografía: páginas [71-73] |
| 505 0# - FORMATTED CONTENTS NOTE | |
| Formatted contents note | Ubicación del interés de los psicólogos en el trabajo comunitario -- Caracterización de la vinculación de los psicólogos a los trabajos comunitarios -- Psicología y procesos comunitarios: elementos para una propuestas alternativa -- Contribuciones a la comprensión de los procesos comunitarios: abordajes en el trabajo comunitario -- La interdisciplinariedad -- Concreción de una propuesta para el psicólogo en los procesos comunitarios |
| 650 14 - SUBJECT ADDED ENTRY--TOPICAL TERM | |
| Topical term or geographic name entry element | Psicología social |
| 9 (RLIN) | 1189 |
| 650 14 - SUBJECT ADDED ENTRY--TOPICAL TERM | |
| Topical term or geographic name entry element | Organización de la comunidad |
| 9 (RLIN) | 1286 |
| 650 14 - SUBJECT ADDED ENTRY--TOPICAL TERM | |
| Topical term or geographic name entry element | Desarrollo comunitario |
| 9 (RLIN) | 1287 |
| 650 14 - SUBJECT ADDED ENTRY--TOPICAL TERM | |
| Topical term or geographic name entry element | Participación social |
| 9 (RLIN) | 1288 |
| 942 ## - ADDED ENTRY ELEMENTS (KOHA) | |
| Source of classification or shelving scheme | Dewey Decimal Classification |
| Koha item type | Books |
| Withdrawn status | Lost status | Source of classification or shelving scheme | Damaged status | Not for loan | Home library | Current library | Date acquired | Source of acquisition | Cost, normal purchase price | Total Checkouts | Full call number | Barcode | Date last seen | Copy number | Price effective from | Koha item type |
|---|---|---|---|---|---|---|---|---|---|---|---|---|---|---|---|---|
| Dewey Decimal Classification | Biblioteca Pública José María del Castillo y Rada | Biblioteca Pública José María del Castillo y Rada | 04/12/2018 | Donación | 0.00 | 150.8 / C355p | 201807256 | 05/16/2024 | Ej.1 | 11/28/2019 | Books |